Les familles dans Harry Potter : Très difficile - Statistiques

Statistiques générales
  • Ce quiz a été pris 2 107 fois
  • Le résultat moyen est 59 sur 174
Statistiques - réponses
Nom de famille Personnage (seulement prénom) % Correct
Potter Harry
97%
Potter James
96%
Potter Lily
96%
Dumbledore Albus
94%
Weasley Ginny
89%
Weasley Arthur
88%
Weasley Fred
88%
Prewett | Weasley Molly
88%
Weasley Bill
87%
Weasley Ron
87%
Weasley George
86%
Granger Hermione
86%
Weasley Percy
85%
Malefoy Drago
84%
Rogue Severus
84%
Weasley Charlie
83%
Malefoy Lucius
83%
Black | Lestrange Bellatrix
82%
Blackv | Malefoy Narcissa
82%
Lovegood Luna
81%
Lupin Remus
81%
Londubat Neville
79%
Tonks Nymphadora
78%
Dursley Petunia
78%
Dursley Dudley
77%
Hagrid Rubeus
77%
Black Sirius
77%
Dursley Vernon
77%
Potter Albus Severus
76%
Lovegood Xenophilius
74%
Dumbledore Ariana
73%
Dumbledore Abelforth
72%
Tonks Ted
71%
Londubat Alice
70%
Dragonneau Norbert
70%
Weasley Rose
70%
Potter James Sirius
68%
Potter Lily Luna
68%
Londubat Frank
66%
Weasley Hugo
65%
Black Regulus
63%
Malefoy Scorpius
63%
Lupin Teddy
62%
Dursley Marjorie
58%
Gaunt Elvis
57%
Black | Tonks Andromeda
56%
Grindelwald Gellert
54%
Jedusor Tom Elvis
53%
Weasley Victoire
52%
Greengrass Astoria
50%
Lestrange Rodolphus
50%
Dumbledore Perceval
49%
Gaunt Merope
48%
Peverell Ignotus
47%
Dumbledore Kendra
47%
Londubat Augusta
45%
MacMillan Ernie
45%
Weasley Louis
43%
Weasley Dominique
41%
Weasley Fred 2
41%
Weasley Roxanne
41%
Prewett Fabian
39%
Weasley Molly 2
39%
Hagrid Graup
38%
Weasley Lucy
38%
Prewett Gideon
37%
Gaunt Morfin
35%
Black Orion
35%
Greengrass Daphné
34%
Croupton Barty Jr
33%
Rogue Tobias
33%
Lestrange Rabastan
32%
Prewett Muriel
31%
Black Walburga
30%
Croupton Barty Sr
29%
Lestrange Leta
29%
Bellebosse "Dumbledore" Croyance
28%
Goldstein Anthony
27%
Peverell Cadmus
27%
Peverell Antioche
25%
Lovegood Pandora
24%
Black Phineas Nigellus
24%
Goldstein Queenie
24%
Potter Fleamont
22%
Jedusor Mary
21%
Dragonneau Thésée
20%
Malefoy Abraxas
19%
Potter Euphemia
17%
Weasley Audrey
16%
Goldstein Porpentina
15%
Yaxley Corban
14%
Malefoy | Weasley Septimus
14%
Bellebosse Mary Lou
13%
Jedusor Thomas
13%
Black Alphard
12%
Potter Charlus
12%
Dragonneau Rolf
11%
Black Cedrella
10%
Potter Henry
10%
Dragonneau Lyssander
10%
Bellebosse Modestie
10%
Grindelwald Bathilda
9%
Lupin Lyall
9%
Dragonneau Lorcan
8%
Black Sirius 2
8%
Potter Abraham
7%
Londubat Algie
7%
Lestrange Corvus 1
7%
Lestrange Corvus 2
7%
Lestrange Corvus 3
7%
Lestrange Corvus 4
7%
Hagrid Fridluva
7%
Potter Hardwin
7%
Black Pollux
7%
Malefoy Armand
6%
Malefoy Brutus
6%
Lestrange Corvus 5
6%
Black Cygnus 2
6%
Black Elladora
6%
Black Lucretia
6%
Black Arcturus 2
5%
Black Arcturus 3
5%
Black Callidora
5%
Black Cassiopeia
5%
Black Charis
5%
Black Cygnus 1
5%
Prewett Ignatius
5%
Black Lola
5%
Malefoy Nicholas
5%
Black Sirius 1
5%
Lestrange Balbine
4%
Black Belvina
4%
Croupton Caspar
4%
Bellebosse Chastity
4%
Lestrange Cyrille 1
4%
Lestrange Cyrille 2
4%
Lestrange Cyrille 3
4%
Lestrange Cyrille 4
4%
Lestrange Églantine
4%
Londubat Enid
4%
Londubat Harfang
4%
Granger Hector
4%
Lestrange Josette
4%
Lestrange Leonie
4%
Black Lycoris
4%
Yaxley Lyssandra
4%
Lestrange Manon
4%
MacMillan Melania
4%
Potter Ralston
4%
Black Regulus 1
4%
Jedusor Tom Jedusor Sr
4%
Gaunt Corvinus
3%
Black Doera
3%
Lestrange Falco
3%
Lestrange Floxel
3%
Lestrange Fulcran 1
3%
Lestrange Fulcran 2
3%
Lestrange Fulcran 3
3%
Gaunt Gormlaith
3%
Dumbledore Honoria
3%
Peverell Lolanthe
3%
Malefoy Lucius 1
3%
Black Marius Black
3%
Lestrange Nozéa
3%
Gaunt Rionach
3%
Lestrange Nozéa 2
2%
Black Phineus 2
2%
Lestrange Pucine
2%
Lestrange Quintilla
2%
Aucun quiz correspondant
Distribution des résultats
% des personnes avec chaque résultat
Percentile par nombre de réponses
Votre historique - résultats
Vous n’avez pas pris ce quiz